Регионална библиотека "Любен Каравелов" - Русе

Не е въпрос на късмет (Запис номер 162513)

MARC детайли
000 -Лидер
Контролно поле с фиксирана дължина 01675nam a2200385 c 4500
003 - Код на организацията, давaща контролен номер
Контролно поле BLK
005 - Дата и час на последна редакция
Контролно поле 20221217120851.0
008 - Елементи от данни с фиксирана дължина
fixed length control field 180410b bul|||||r ||||||| ||bul||
010 ## - Наследен системен номер
LC control number KNG00169891000
020 ## - Международен стандартен номер на книга ISBN
Международен стандартен номер на книга ISBN 978-954-92934-6-3
040 ## - Източник на каталожния запис
Идентификатор на билиотеката - собственик на записа BLK
041 ## - Код за език
Код за езика на текст/звукозапис или на отделно заглавие Български
Код за езика КДБФ Български
072 #7 - Код за тематичната категория
Код организация bullib
Код за тематична категория Н62
Текст Приложни науки. Техника Н
080 ## - УДК
Текстов определител УДК Еврейска литература на иврит. Вж и 830-088
УДК код - определител по УДК 821.411.16
УДК определител -31
УДК - код + определител 821.411.16-31
080 ## - УДК
Текстов определител УДК Методи на управление. Мениджмънт. Анализи, планиране, ръководство, сътрудничество, контрол, коопериране и др.
УДК код - определител по УДК 005.5
УДК определител (0:82-31)
УДК - код + определител 005.5(0:82-31)
100 1# - Редна дума - Автор
Автор Голдрат, Елиаху Моше
Авторска отговорност първи автор
R(LIN) 54666
139 ## - Редно поле
Редна дума Голдрат, Елиаху М.
Авторски знак Гол - Г 63
245 10 - Сведения за заглавието
Заглавие Не е въпрос на късмет
Подзаглавни данни Бизнес роман
Редно поле (дума) Елиаху Моше Голдрат.
257 ## - Страна на издаване
Страна на създаване/издаване Израел
260 ## - Област на издателските данни
Име на издателя, разпространителя и проч. Rexintegra
Година на издаване 2014
Печатница София : Инвестпрес
300 ## - Физическа характеристика
Страници 298 с.
Илюстрации и др. със сх.
Размери/Мащаб 21 см
380 ## - Жанр
Жанр Общ отдел
500 ## - Общи забележки
Забележка Ориг. загл. It's Not Luck / Eliyahu M. Goldratt.
650 #7 - Допълнително описание по предмет – тема
Основно описание – тема или топоним Бизнес мениджмънт
9 (RLIN) 161874
653 ## - Ключова дума – ненормативна
Ключова дума мениджмънт
653 ## - Ключова дума – ненормативна
Ключова дума пазари
653 ## - Ключова дума – ненормативна
Ключова дума управление на фирми
653 ## - Ключова дума – ненормативна
Ключова дума бизнес романи
659 ## - Тематичен бюлетин
Тематичен бюлетин Н
852 ## - Местоположение
Форматна сигнатура Цб 274690
856 4# - Електронен адрес и достъп
Електронен формат pdf - файл
Инструкция (цена за достъп) 0.00
Права за достъп disable
856 4# - Електронен адрес и достъп
Електронен формат pdf - файл
Инструкция (цена за достъп) 0.00
Права за достъп disable
999 ## - СИСТЕМНИ КОНТРОЛНИ НОМЕРА
Koha biblionumber 162513
Koha biblioitemnumber 162513
942 ## - АРТИКУЛИ
Вид на библиотечния материал Книги
Скрит в OPAC Не
Koha issues (borrowed), all copies 3
Периодичен библиозапис Да
944 ## - СЪЗДАВАНЕ И РЕДАКЦИЯ на ЗАПИСА
Създаване/Редакция Създаване
Дата на регистрацията/редакция 16.06.2015
Статус, дата на статуса ф /
Служител, извършил регистрацията/редакцията Виолета_Тройчева
944 ## - СЪЗДАВАНЕ И РЕДАКЦИЯ на ЗАПИСА
Създаване/Редакция Редакция
Дата на регистрацията/редакция 08.02.2016
Статус, дата на статуса ф /
Служител, извършил регистрацията/редакцията Людмила_Стоянова
999 ## - СИСТЕМНИ КОНТРОЛНИ НОМЕРА
Koha biblioitemnumber 162513
999 ## - СИСТЕМНИ КОНТРОЛНИ НОМЕРА
Koha biblioitemnumber 162513
Наличности
Код за отписване Код за изгубен артикул Код за повреда Коз за рестрикции Код за отдаване Артикулен № Име на библиотеката - собственик Име на библиотеката, в която се намира в момента Статус (Текущо местоположение) Дата на вписване в системата Местоположение - отдел Цена в лева Инвентарен номер Систематично азбучна сигнатура Баркод Номер на екземпляра Цена в евро Служебна бележка Служебен тип на артикула Източник на класификационната схема
  Не е изгубен Не е повреден без рестрикции ползва се в читалня 271285 Регионална библиотека "Любен Каравелов" Русе Регионална библиотека "Любен Каравелов" Русе Хранилище 2015-06-17 Хранилище 15.00 120000788830 Цб 274690 120000788830 1 7.67 Дост: Dp Вид: Д N: 2 Дата: 07.01.2015 Книги  
  Не е изгубен Не е повреден без рестрикции заемане за дома 271286 Регионална библиотека "Любен Каравелов" Русе Регионална библиотека "Любен Каравелов" Русе Заемна - подръчен фонд 2016-01-19 Заемна - подръчен фонд 15.00 120000797000 005.5/Г 63 120000797000 2 7.67 Дост: DA Вид: А N: 1 Дата: 19.01.2016 Дата инв: 08.02.2018 Бележки инв: П2018 Книги Universal Decimal Classification
Vip Innovations Ltd, Rousse, Bulgaria 2025